00453 2200181 4500001002100000005001500021008004100036020001800077035001900095041000700114082001000121090001600131100001200147245002700159260003700186300002000223650002800243INLIS00000000001641520241224115123241224||||||||| | ||| |||| || |  a979-692-218-5 0010-1224016415 aid0 a591.5 a591.5 ARI m0 aM.Arief00aMENGENAL HEWAN PRIMATA aBandungbRemaja Rosdakaryac2007 a30hlm;21x29,5cm 0aIlmu Ilmu Tentang Hewan